Un beso en mi mano / (Record no. 18926)

MARC details
000 -LEADER
fixed length control field 01669cam a2200445Ia 4500
001 - CONTROL NUMBER
control field 51072905
003 - CONTROL NUMBER IDENTIFIER
control field OCoLC
005 - DATE AND TIME OF LATEST TRANSACTION
control field 20180617194445.0
008 - FIXED-LENGTH DATA ELEMENTS--GENERAL INFORMATION
fixed length control field 021126t20021993nyua j 000 1 spa d
020 ## - INTERNATIONAL STANDARD BOOK NUMBER
International Standard Book Number 0439437490 (pbk.)
020 ## - INTERNATIONAL STANDARD BOOK NUMBER
International Standard Book Number 9780439437493 (pbk.)
040 ## - CATALOGING SOURCE
Original cataloging agency DUQ
Language of cataloging eng
Transcribing agency DUQ
Modifying agency OCLCQ
-- YOL
041 1# - LANGUAGE CODE
Language code of text/sound track or separate title spa
Language code of original eng
050 #4 - LIBRARY OF CONGRESS CALL NUMBER
Classification number PZ73
Item number .P4634 2002x
082 #4 - DEWEY DECIMAL CLASSIFICATION NUMBER
Classification number 468
Edition number 21
092 ## - LOCALLY ASSIGNED DEWEY CALL NUMBER (OCLC)
Classification number SP E PEN
100 1# - MAIN ENTRY--PERSONAL NAME
Personal name Penn, Audrey,
Dates associated with a name 1947-
240 10 - UNIFORM TITLE
Uniform title <a href="Kissing hand.">Kissing hand.</a>
Language of a work Spanish.
245 13 - TITLE STATEMENT
Title Un beso en mi mano /
Statement of responsibility, etc. de Audrey Penn ; ilustraciones de Ruth E. Harper y Nancy M. Leak.
260 ## - PUBLICATION, DISTRIBUTION, ETC. (IMPRINT)
Place of publication, distribution, etc. New York :
Name of publisher, distributor, etc. Scholastic,
Date of publication, distribution, etc. 2002, c1993.
300 ## - PHYSICAL DESCRIPTION
Extent 1 volume (unpaged) :
Other physical details color illustrations ;
Dimensions 26 cm.
336 ## - CONTENT TYPE
Content type term text
Content type code txt
Source rdacontent.
337 ## - MEDIA TYPE
Media type term unmediated
Media type code n
Source rdamedia.
338 ## - CARRIER TYPE
Carrier type term volume
Carrier type code nc
Source rdacarrier.
500 ## - GENERAL NOTE
General note "This edition is only available for distribution through the school market"--P. [4] of cover.
520 ## - SUMMARY, ETC.
Summary, etc. When Chester the raccoon is reluctant to go to kindergarten for the first time, his mother teaches him a secret way to carry her love with him.
526 0# - STUDY PROGRAM INFORMATION NOTE
Program name Accelerated Reader AR
Interest level LG
Reading level 2.7
Title point value 0.5
Public note 30793.
650 #0 - SUBJECT ADDED ENTRY--TOPICAL TERM
Topical term or geographic name as entry element Separation anxiety
Form subdivision Juvenile fiction.
650 #0 - SUBJECT ADDED ENTRY--TOPICAL TERM
Topical term or geographic name as entry element Mothers and sons
Form subdivision Juvenile fiction.
650 #0 - SUBJECT ADDED ENTRY--TOPICAL TERM
Topical term or geographic name as entry element Procyon
Form subdivision Juvenile fiction.
650 #0 - SUBJECT ADDED ENTRY--TOPICAL TERM
Topical term or geographic name as entry element Raccoon
Form subdivision Juvenile fiction.
650 #0 - SUBJECT ADDED ENTRY--TOPICAL TERM
Topical term or geographic name as entry element Forest animals
Form subdivision Juvenile fiction.
650 #0 - SUBJECT ADDED ENTRY--TOPICAL TERM
Topical term or geographic name as entry element Kindergarten
Form subdivision Juvenile fiction.
650 #0 - SUBJECT ADDED ENTRY--TOPICAL TERM
Topical term or geographic name as entry element Schools
Form subdivision Juvenile fiction.
650 #0 - SUBJECT ADDED ENTRY--TOPICAL TERM
Topical term or geographic name as entry element Spanish language materials
Form subdivision Juvenile fiction.
700 1# - ADDED ENTRY--PERSONAL NAME
Personal name Harper, Ruth E.
700 1# - ADDED ENTRY--PERSONAL NAME
Personal name Leak, Nancy M.
730 0# - ADDED ENTRY--UNIFORM TITLE
Uniform title Kissing hand.
Language of a work Spanish.
942 ## - ADDED ENTRY ELEMENTS (KOHA)
Koha item type Libro/Book
Holdings
Withdrawn status Lost status Damaged status Not for loan Home library Current library Date acquired Inventory number Total Checkouts Barcode Checked out Date last seen Date checked out Price effective from Koha item type Source of classification or shelving scheme Full call number
        Capulin -- Satellite Capulin -- Satellite 14/05/2019 Inventory date: 7/7/25   35100337   14/05/2019   14/05/2019 Libro/Book   468
        Monte Cristo -- Satellite Monte Cristo -- Satellite 06/06/2019     40201743   06/06/2019   06/06/2019 Libro/Book Dewey Decimal Classification 468
        Zaragoza -- Satellite San Juan Del Sur -- Biblioteca 14/10/2017 Checked out from 2023 - Jan 2025 1 35501597 26/07/2023 21/06/2023 21/06/2023 14/10/2017 Libro/Book    
        Zaragoza -- Satellite Zaragoza -- Satellite 14/05/2019   1 35500793   21/02/2024 21/06/2023 14/05/2019 Libro/Book Dewey Decimal Classification 468

Powered by Koha